000 00604nam a2200217Ia 4500
008 101110s9999 xx 000 0 und d
041 _aENGLISH
082 _bJR5435
100 _aDharmadhikari M.T. & Waghale A.Y. & Others
245 _aHimalaya Engineering Entrance Examination
260 _c2006
_bHimalaya Publication House, Mumbai
300 _a393
365 _b790
520 _aPhysics
546 _aENGLISH
630 _aHimalaya Engineering Entrance Examination
650 _aPhysics
655 _aPhysics
730 _aHimalaya Engineering Entrance Examination
942 _cBOOK
999 _c796230
_d796227